000 00369nam a2200157Ia 4500
003 GCL
008 140319s9999 xx 000 0 eng d
040 _aGCL /
_cGCL
082 0 4 _a791.43024
_bM S
100 1 _aMILLAR, DAN
245 1 0 _aSPECIAL EFFECTS /
_cMILLAR, DAN
260 _a[S.N] :
_bTHE APPLE PRESS
300 _a128 PP
650 0 4 _aARTS
942 _2ddc
_cBK
999 _c19086
_d19086